Memoria del taller Ricardo Morales Avilés sobre la educación Popular de adultos ante el reto de transformación educativa en Nicaragua

Sistematiza los resultados del taller “Ricardo Morales Aviles”, realizado por el Programa de Educación de Adultos en Nicaragua. Dicho taller tuvo el objetivo de avanzar en la concepción de Educación Popular, dentro del marco de las luchas de los trabajadores en el proceso revolucionario sandinista....

Ausführliche Beschreibung

Gespeichert in:
Bibliographische Detailangaben
Körperschaft: Taller Ricardo Avilés sobre La Educación Popular de Adultos ante el reto de la Transformación Educativa en Nicaragua Las Nubes El Crucero 2-7 de setiembre de 1985
Format: Tagungsbericht
Sprache:Spanish
Veröffentlicht: Nicaragua : Nicaragua. Ministerio de Educación
Schlagworte:
Tags: Tag hinzufügen
Keine Tags, Fügen Sie den ersten Tag hinzu!

MARC

LEADER 00000 a2200000 04500
001 48295
003 cru CIDCACS/IIS
005 20171019155933.0
008 050607s1985 nq # spa d
999 |c 16503  |d 16503 
020 |a [sin ISBN]  
022 |a [sin ISBN]  
040 |c cru CIDCACS/IIS 
090 |a 06.03.05 M665m  
245 |a Memoria del taller Ricardo Morales Avilés sobre la educación Popular de adultos ante el reto de transformación educativa en Nicaragua  
260 |a Nicaragua :   |b Nicaragua. Ministerio de Educación  
300 |a 153 páginas   |b Sin ilust.  
520 |a Sistematiza los resultados del taller “Ricardo Morales Aviles”, realizado por el Programa de Educación de Adultos en Nicaragua. Dicho taller tuvo el objetivo de avanzar en la concepción de Educación Popular, dentro del marco de las luchas de los trabajadores en el proceso revolucionario sandinista. En el documento se muestran los objetivos del taller, así como su organización interna, el desarrollo del mismo y otros documentos relevantes.  
650 |a EDUCACION DE ADULTOS  
650 |2 Macrothesauro de la OCDE  
650 |a EDUCACION POPULAR  
650 |2 Listado unificadode CLACSO/  
650 |a TALLERES  
650 |2 Macrothesauro de la OCDE/  
650 |a ADULTOS  
650 |2 Macrothesauro de la UNA/  
651 0 |a NICARAGUA  |9 1861 
711 |a Taller Ricardo Avilés sobre La Educación Popular de Adultos ante el reto de la Transformación Educativa en Nicaragua Las Nubes El Crucero 2-7 de setiembre de 1985  
942 |2 ddc  |c LI